Interaction study of albendazole with hydroxypropyl-β-cyclodextrin

Elmentve itt :
Bibliográfiai részletek
Szerzők: C Trandafirescu
Á Gyéresi
Kata Mihály
Aigner Zoltán
Z Szabadai
Dokumentumtípus: Cikk
Megjelent: 2006
Sorozat:FARMACIA (BUCHAREST) 54 No. 5
Tárgyszavak:
mtmt:1914746
Online Access:http://publicatio.bibl.u-szeged.hu/30633
LEADER 00807nab a2200253 i 4500
001 publ30633
005 20241011150241.0
008 241011s2006 hu o 000 eng d
022 |a 0014-8237 
024 7 |a 1914746  |2 mtmt 
040 |a SZTE Publicatio Repozitórium  |b hun 
041 |a eng 
100 1 |a C Trandafirescu 
245 1 0 |a Interaction study of albendazole with hydroxypropyl-β-cyclodextrin  |h [elektronikus dokumentum] /  |c  C Trandafirescu 
260 |c 2006 
300 |a 9 
300 |a 86-94 
490 0 |a FARMACIA (BUCHAREST)  |v 54 No. 5 
650 4 |a Általános orvostudomány 
700 0 1 |a Á Gyéresi  |e aut 
700 0 1 |a Kata Mihály  |e aut 
700 0 1 |a Aigner Zoltán  |e aut 
700 0 1 |a Z Szabadai  |e aut 
856 4 0 |u http://publicatio.bibl.u-szeged.hu/30633/1/aok_klny_363_06.pdf  |z Dokumentum-elérés